01763nas a2200241Ia 4500001001100000003001000011008004100021040002500062041001300087100001900100210001800119222001800137245014900155250001100304260009000315300001100405310001200416362003400428500045800462501011400920520045801034650002901492R050-S3223IT-CnALBA170116c99999999xx |||||||||||| ||und|| aIT-CnALBAcIT-CnALBA aITALIANO aLAITI GIUSEPPE aEVANGELIZZARE aEVANGELIZZARE 0aEVANGELIZZARE. N. 5. NUOVA SERIE. MAGGIO 1984. PER ANIMATORI DI CATECHESI. COSCIENZA MORALE DELLA PASQUA DEL SIGNO b PER ANIMATORI DI CATECHESI a1a ed. a BOLOGNA - NAPOLIbDEHONIANE EDIZIONI c1984 [1° Ed.:1984 - Ed.Ling.Originale: 1984] a64 p.  aMENSILE aFascicolo: 5 / Anno: 8 (1984) aCATECHESI E LITURGIA. PREGHIERA. PAROLE DELLE ULTIME REALTÀ. VITA E MORTE PER FAME. INSEGNAMENTO RELIGIONE. RICHIESA SEGNO DA UNA GENERAZIONE SENZA FEDE. NUOVA VISIONE DELL'UOMO. SEGRETO DEKLLA COSCIENZA. PASQUA E COSCIENZA CRISTIANA. MONDO IN CAMMINO VERSO IL PADRE. MORALE NUOVI CATECHISMI. FATICA DELLA VERIFICA. BRODOLONI P.G. CONVEGNO E MOLTI INTERROGATIVI. INTERVISTA A MAGRASSI M. DI U. STEFANI SU CATECHESI E LITURGIA. SCHEDA SULLA PREGHIERA.  aSocietà San Paolo EM - Piazza San Paolo, 14 - 12051 ALBA (CN) (non commercial uses only) ® Copyright 2017 aCATECHESI E LITURGIA. PREGHIERA. PAROLE DELLE ULTIME REALTÀ. VITA E MORTE PER FAME. INSEGNAMENTO RELIGIONE. RICHIESA SEGNO DA UNA GENERAZIONE SENZA FEDE. NUOVA VISIONE DELL'UOMO. SEGRETO DEKLLA COSCIENZA. PASQUA E COSCIENZA CRISTIANA. MONDO IN CAMMINO VERSO IL PADRE. MORALE NUOVI CATECHISMI. FATICA DELLA VERIFICA. BRODOLONI P.G. CONVEGNO E MOLTI INTERROGATIVI. INTERVISTA A MAGRASSI M. DI U. STEFANI SU CATECHESI E LITURGIA. SCHEDA SULLA PREGHIERA.  aMISCELLANEA DI RELIGIONE